000 00788nam a2200241 i 4500
005 20200104041536.0
008 140306s1996 ck ||||| |||| 00| 0 spa d
040 _aCO-BoIAVH
_cCO-BoIAVH
041 _aspa
044 _ack
082 0 4 _a338.1
_bM49m
245 0 0 _aMedio ambiente, agricultura y ganadería ecológica.
260 _aBogotá .
_bCorporación BIOMA,
_c1996.
300 _a229 p.
650 1 4 _aAgricultura biológica
650 2 4 _aAgricultura
_xAspectos económicos
650 _aControl biológico
650 2 4 _aGanadería sostenible
650 2 4 _aGanadería
_xAspectos económicos
650 2 4 _aAgricultura sostenible
710 2 _aCorporación para la conservación del medio ambiente, BIOMA
942 _cLIBRO
_2ddc
999 _c2768
_d2768